| 000 | 00501nam a2200193Ia 4500 | ||
|---|---|---|---|
| 999 |
_c20214 _d20214 |
||
| 003 | 0100 | ||
| 005 | 20170529103819.0 | ||
| 008 | 130303s9999 xx 000 0 und d | ||
| 040 | _cARRUPELIB | ||
| 050 | _aDT1757.M36 1991 | ||
| 100 |
_aJohns, Sheridan (ed) _931252 |
||
| 245 | _aMandela, Tambo, and the African National Congress | ||
| 245 | _bThe Struggle Against Apartheid, 1948-1990-A Documentary Survey | ||
| 260 |
_bOxford UP _aNew York _c1991 |
||
| 300 | _a353p | ||
| 600 |
_aMandela, Nelson _d1918- _931253 |
||
| 600 |
_aTambo, Oliver, _d1917- _931254 |
||
| 650 |
_aAfrican National Congress _xHistory _xSources _931255 |
||
| 700 |
_aDavis, R. Hunt _931256 |
||
| 942 | 0 | 0 |
_02 _2lcc _cMONOGRAPH |